| 000 | 00602nam a2200217 i 4500 | ||
|---|---|---|---|
| 001 | 20361 | ||
| 003 | ES-MaACL | ||
| 005 | 20230906152302.0 | ||
| 007 | t| | ||
| 008 | 021112s1981 sp |||| | spa d | ||
| 100 | 1 |
_aAguilar Peris, José. _918743 |
|
| 245 | 1 | 0 |
_aCurso de termodinámica / _cJ. Aguilar Peris. |
| 250 | _a1ª ed. | ||
| 260 |
_a[Madrid] : _bAlhambra, _c[1981] |
||
| 300 |
_aXIV, 704 p. : _bil. ; _c24 cm. |
||
| 490 | 1 | _aAlhambra universidad | |
| 650 | 4 |
_aTermodinámica. _917486 |
|
| 830 | 0 |
_aAlhambra universidad _9180698 |
|
| 852 |
_aES-MaACL _jL-1458 |
||
| 999 |
_c20361 _d20361 |
||